Formy ekonomického a organizačného prepojenia výroby so zahraničným obchodom záverečná práca postgraduálneho štúdia

Gespeichert in:
Bibliographische Detailangaben
1. Verfasser: Schwarz, Viliam
Körperschaft: Vysoká škola ekonomická v Bratislave
Weitere Verfasser: Smreková, Marta
Format: Buch
Sprache:Slowakisch
Veröffentlicht: Bratislava 1988
Tags: Tag hinzufügen
Keine Tags, Fügen Sie das erste Tag hinzu!

MARC

LEADER 00000nam a2200000 4500
001 c034300
005 20230116095033.3
041 0 |a slo 
044 |a SK 
245 1 0 |a Formy ekonomického a organizačného prepojenia výroby so zahraničným obchodom  |b záverečná práca postgraduálneho štúdia  |c Viliam Schwarz ; Ved. práce Marta Smreková 
264 1 |a Bratislava  |c 1988 
300 |a 32 s. 
100 1 |a Schwarz, Viliam 
700 1 |a Smreková, Marta 
710 2 |a Vysoká škola ekonomická v Bratislave